000
00318nam a22001457a 4500
008
210312b ||||| |||| 00| 0 eng d
020
_a
9780205832576
041
_a
eng
080
_2
3th
_a
159.9
082
_2
3th
_a
159.9
100
_a
49
101
_a
PSI
245
_a
Psychology
_c
Ciccarelli,K.S
942
_2
udc
_c
BK
999
_c
56471
_d
56471